000 00237nam a22000857a 4500
008 160630b xxu||||| |||| 00| 0 eng d
100 _91450
_aDeshpande, S.V
245 _aPhysics with Numerical Problems & M.C.Qs.
260 _aDELHI
_bHAMPRA
_c2005
999 _c1197
_d1197